[Event "POR CupT qf 41st"]
[Site "Carcavelos"]
[Date "2019.05.04"]
[Round "3.5"]
[White "Nogueira, Nelson"]
[Black "Santos Latasa, Jaime"]
[Result "0-1"]
[WhiteElo "2227"]
[BlackElo "2587"]
[PlyCount "112"]
[EventDate "2019.04.04"]
[EventType "team-k.o."]
[EventRounds "6"]
[EventCountry "POR"]
[SourceTitle "CBM 190 Extra"]
[Source "ChessBase"]
[SourceDate "2019.07.15"]
[SourceVersion "1"]
[SourceVersionDate "2019.07.15"]
[SourceQuality "1"]
[WhiteTeam "Estrelas S Joao de Brito"]
[BlackTeam "Montemor o Novo"]
[WhiteTeamCountry "POR"]
[BlackTeamCountry "POR"]

1. d4 Nf6 2. c4 e6 3. Nc3 Bb4 4. Qc2 0-0 5. Nf3 d5 6. e3 b6 7. a3 Bxc3+ 8. bxc3 Ba6 9. cxd5 Bxf1 10. Kxf1 Qxd5 11. c4 Qh5 12. Bb2 Nbd7 13. h3 c5 14. Qe2 Rac8 15. Rc1 Rc7 16. Kg1 Rfc8 17. Kh2 Qf5 18. Rhe1 Qe4 19. Nd2 Qg6 20. Kg1 h6 21. a4 cxd4 22. exd4 Qf5 23. Bc3 Nf8 24. Qe5 Qxe5 25. Rxe5 Ng6 26. Re3 Ne7 27. a5 b5 28. c5 a6 29. Bb2 Nc6 30. Nb3 Rd7 31. Kf1 Nd5 32. Rf3 f6 33. g3 Kf7 34. Rd3 h5 35. h4 Nde7 36. Rcd1 Rcd8 37. Ke2 Nf5 38. Bc3 Rd5 39. R3d2 Ke7 40. Rd3 Kd7 41. Kf3 Kc7 42. Ke4 Nfe7 43. R3d2 Rf5 44. Bb2 Nd5 45. Re1 Rh8 46. Rh1 Rh6 47. Ba1 Rg6 48. Kd3 Rf3+ 49. Kc2 Ndb4+ 50. Kb2 Nd3+ 51. Ka2 Nxf2 52. Rf1 Rgxg3 53. Rdxf2 Rxb3 54. Bb2 Nb4+ 55. Kb1 Nd3 56. Re2 Rg4 0-1

[Event "Lisbon Portugal rapid op"]
[Site "Lisbon"]
[Date "2019.02.10"]
[Round "5"]
[White "Fernandes, Alvaro Manuel Teixe"]
[Black "Nogueira, Nelson"]
[Result "0-1"]
[WhiteElo "1745"]
[BlackElo "2244"]
[PlyCount "226"]
[EventDate "2019.02.10"]
[EventType "swiss (rapid)"]
[EventRounds "8"]
[EventCountry "POR"]
[SourceTitle "CBM 188 Extra"]
[Source "ChessBase"]
[SourceDate "2019.02.26"]
[SourceVersion "1"]
[SourceVersionDate "2019.02.26"]
[SourceQuality "1"]

1. c4 Nf6 2. g3 e5 3. Bg2 Bc5 4. Nc3 a6 5. d3 h6 6. e3 c6 7. Nge2 d6 8. 0-0 0-0 9. h3 Qe7 10. d4 Ba7 11. a4 a5 12. Kh2 Na6 13. b3 Bf5 14. Ba3 Nb4 15. Bxb4 axb4 16. Na2 c5 17. f3 Bh7 18. d5 e4 19. f4 h5 20. Ng1 Bf5 21. Qd2 Bb6 22. Ne2 Kh7 23. Rh1 g6 24. Kg1 Kg8 25. Rf1 Qd7 26. Nac1 Bd8 27. Kf2 Nh7 28. Qc2 Re8 29. Rfg1 Bf6 30. Ke1 Bg7 31. Kf2 Qe7 32. Bf1 Nf6 33. Bg2 b6 34. Rh2 h4 35. gxh4 Nh5 36. Ke1 Qxh4+ 37. Kd2 Qf2 38. Rf1 Qh4 39. Qd1 Kh7 40. Qe1 Qf6 41. Qd1 Re7 42. Rfh1 Rc7 43. Qc2 Re7 44. Rg1 Qh4 45. Qd1 Qf6 46. Qc2 Ree8 47. Bf1 Rec8 48. Ng3 Nxg3 49. Rxg3 Qc3+ 50. Qxc3 Bxc3+ 51. Kc2 Kg7 52. Ne2 Bf6 53. Rg1 Rh8 54. Rgh1 Rh4 55. Kd2 Rah8 56. Ke1 Kf8 57. Kf2 Bg7 58. Kg3 Bd7 59. Bg2 f5 60. Ra1 Ke7 61. Ra2 Bf6 62. Rh1 Rg8 63. Kf2 g5 64. fxg5 Bxg5 65. a5 Bxe3+ 66. Kxe3 Rxg2 67. a6 f4+ 68. Nxf4 Rxa2 69. Ng6+ Kf6 70. Nxh4 Rxa6 71. Kxe4 Ra3 72. Rb1 Bxh3 73. Ke3 Kg5 74. Nf3+ Kf6 75. Nd2 Bf5 76. Rf1 Kg6 77. Rg1+ Kf6 78. Rf1 Kg6 79. Rg1+ Kf6 80. Rf1 Kg5 81. Rg1+ Kh6 82. Rf1 Kg5 83. Rg1+ Kh6 84. Kf4 Bc2 85. Rg3 Ra1 86. Rh3+ Kg6 87. Rg3+ Kf6 88. Ke3 Re1+ 89. Kf2 Rd1 90. Ke2 Rh1 91. Nf3 Bd1+ 92. Ke3 Bxf3 93. Rxf3+ Ke5 94. Rg3 Rb1 95. Kd2 Kf4 96. Rh3 Rb2+ 97. Kc1 Re2 98. Rh6 Re3 99. Kc2 Ke5 100. Re6+ Kd4 101. Rxd6 Re2+ 102. Kd1 Re8 103. Re6 Rb8 104. Kd2 b5 105. Rh6 bxc4 106. bxc4 Kxc4 107. d6 Rd8 108. Kc2 Kd5 109. Kb3 Rxd6 110. Rh8 Kc6 111. Kc4 Rd4+ 112. Kb3 Rd3+ 113. Kb2 Kb5 0-1

[Event "Lisbon Portugal rapid op"]
[Site "Lisbon"]
[Date "2019.02.10"]
[Round "8"]
[White "Nogueira, Nelson"]
[Black "Ribeiro, Bruno Alexandre Rom"]
[Result "0-1"]
[WhiteElo "2244"]
[BlackElo "2114"]
[PlyCount "42"]
[EventDate "2019.02.10"]
[EventType "swiss (rapid)"]
[EventRounds "8"]
[EventCountry "POR"]
[SourceTitle "CBM 188 Extra"]
[Source "ChessBase"]
[SourceDate "2019.02.26"]
[SourceVersion "1"]
[SourceVersionDate "2019.02.26"]
[SourceQuality "1"]

1. d4 Nf6 2. c4 g6 3. Nc3 d5 4. Nf3 Bg7 5. Bf4 c5 6. dxc5 Qa5 7. Qa4+ Qxa4 8. Nxa4 dxc4 9. e3 Bd7 10. Nc3 Na6 11. Bxc4 Nxc5 12. 0-0 0-0 13. Rac1 Rac8 14. Ne5 Bf5 15. Rfd1 Nh5 16. Nd5 Bf6 17. b4 Nxf4 18. exf4 Na4 19. Nxf6+ exf6 20. Nf3 Nb2 21. Nd4 Nxd1 0-1

[Event "Lisbon Christmas op"]
[Site "Lisbon"]
[Date "2014.12.28"]
[Round "4"]
[White "Nogueira, Nelson"]
[Black "Romano, Luis Miguel Pereira"]
[Result "1-0"]
[WhiteElo "2252"]
[BlackElo "1938"]
[PlyCount "85"]
[EventDate "2014.12.26"]
[EventType "swiss"]
[EventRounds "9"]
[EventCountry "POR"]
[SourceTitle "CBM 164 Extra"]
[Source "ChessBase"]
[SourceDate "2015.03.02"]
[SourceVersion "1"]
[SourceVersionDate "2015.03.02"]
[SourceQuality "1"]

1. d4 Nf6 2. c4 e6 3. Nf3 d5 4. g3 Be7 5. Bg2 0-0 6. 0-0 dxc4 7. Qc2 a6 8. a4 Bd7 9. Bg5 Bc6 10. Nbd2 b5 11. Rfd1 Nd5 12. Bxe7 Qxe7 13. Ne5 Nb4 14. Nxc6 N8xc6 15. Qe4 Rad8 16. Nf3 Nd5 17. axb5 axb5 18. Ne5 Nxe5 19. dxe5 Qb4 20. Qc2 Nb6 21. Qc3 Qxc3 22. bxc3 Na4 23. Rdc1 Rd5 24. Bxd5 exd5 25. Rc2 Re8 26. f4 f6 27. Rd1 c6 28. e4 Nb6 29. exd5 Nxd5 30. exf6 gxf6 31. Kf2 Kf7 32. Re1 Ra8 33. f5 Ra3 34. Re6 c5 35. Rc6 Rxc3 36. Ra2 Kg7 37. Ra7+ Kh6 38. Rxc5 Rc2+ 39. Kf3 Rc3+ 40. Ke4 Rd3 41. Rxd5 Rxd5 42. Kxd5 c3 43. Kc5 1-0

[Event "Lisbon Christmas op"]
[Site "Lisbon"]
[Date "2014.12.27"]
[Round "3"]
[White "Pereira, Antonio Pedro Caram"]
[Black "Nogueira, Nelson"]
[Result "1/2-1/2"]
[WhiteElo "2071"]
[BlackElo "2252"]
[PlyCount "52"]
[EventDate "2014.12.26"]
[EventType "swiss"]
[EventRounds "9"]
[EventCountry "POR"]
[SourceTitle "CBM 164 Extra"]
[Source "ChessBase"]
[SourceDate "2015.03.02"]
[SourceVersion "1"]
[SourceVersionDate "2015.03.02"]
[SourceQuality "1"]

1. Nf3 Nf6 2. c4 c5 3. g3 Nc6 4. Bg2 g6 5. 0-0 Bg7 6. Nc3 0-0 7. a3 d6 8. d3 Rb8 9. Rb1 Bd7 10. b4 b6 11. Bd2 Qc8 12. b5 Nd8 13. Bg5 Re8 14. a4 Bh3 15. a5 Bxg2 16. Kxg2 Qb7 17. e4 Ne6 18. Bd2 Nd4 19. Nxd4 cxd4 20. Nd5 Nxd5 21. cxd5 Rbc8 22. a6 Qd7 23. Qb3 Rc5 24. Bb4 Rcc8 25. Qa4 Bh6 26. Rfd1 Rc7 1/2-1/2

[Event "Vitoria op 1st"]
[Site "Vitoria"]
[Date "2006.09.08"]
[Round "4"]
[White "Fernandes, Eduardo Pelicao"]
[Black "Nogueira, Nelson"]
[Result "1-0"]
[WhiteElo "1961"]
[BlackElo "2291"]
[PlyCount "93"]
[EventDate "2006.09.07"]
[EventType "swiss"]
[EventRounds "7"]
[EventCountry "BRA"]
[SourceTitle "CBM 114 Extra"]
[Source "ChessBase"]
[SourceDate "2006.11.03"]
[SourceVersion "1"]
[SourceVersionDate "2006.11.03"]
[SourceQuality "1"]

1. e4 c5 2. Nf3 d6 3. d4 cxd4 4. Nxd4 e5 5. Nf3 Nc6 6. Be3 Nf6 7. Nc3 Be6 8. Ng5 h6 9. Nxe6 fxe6 10. Bc4 Qe7 11. 0-0 Rd8 12. Bb5 a6 13. Bxc6+ bxc6 14. Qe2 Qb7 15. Na4 c5 16. f3 Be7 17. c4 0-0 18. Rad1 Nh5 19. Rd3 Nf4 20. Bxf4 exf4 21. Rfd1 Qc6 22. b3 e5 23. Qd2 Rf6 24. Rd5 Rg6 25. Nxc5 Qb6 26. Kf1 Kh7 27. Na4 Qa7 28. Qf2 Qe3 29. R5d3 Qxf2+ 30. Kxf2 Bh4+ 31. Kf1 Rf6 32. Rd5 g5 33. Rxe5 Rg8 34. Re7+ Kh8 35. Rd7 Rgg6 36. h3 h5 37. Rd5 Rh6 38. Ra7 g4 39. hxg4 hxg4 40. fxg4 f3 41. Rf5 Bg3 42. gxf3 Rxf5 43. gxf5 Be5 44. Rxa6 Rh1+ 45. Ke2 Rh2+ 46. Ke3 Rxa2 47. f4 1-0

[Event "Lisbon IM"]
[Site "Lisbon"]
[Date "2003.12.16"]
[Round "2"]
[White "Nogueira, Nelson"]
[Black "Cordovil, Joao Maria"]
[Result "1/2-1/2"]
[WhiteElo "2212"]
[BlackElo "2261"]
[PlyCount "130"]
[EventDate "2003.12.15"]
[EventType "tourn"]
[EventRounds "9"]
[EventCountry "POR"]
[EventCategory "2"]
[SourceTitle "CBM 097 Extra"]
[Source "ChessBase"]
[SourceDate "2004.01.13"]
[SourceVersion "1"]
[SourceVersionDate "2004.01.13"]
[SourceQuality "1"]

1. e4 d6 2. d4 Nf6 3. Nc3 g6 4. f3 Bg7 5. Be3 c6 6. Qd2 b5 7. Bh6 Bxh6 8. Qxh6 Qa5 9. Qd2 Nbd7 10. Bd3 a6 11. f4 Bb7 12. e5 dxe5 13. fxe5 Nd5 14. Nxd5 Qxd2+ 15. Kxd2 cxd5 16. Nf3 Nb6 17. b3 Bc8 18. Rhf1 Bf5 19. Bxf5 gxf5 20. Ne1 e6 21. Nd3 Rg8 22. Rf2 a5 23. g3 Ke7 24. Rf4 Nd7 25. Rh4 Rg7 26. Re1 Rh8 27. Rc1 Nb6 28. Nf4 h5 29. c3 Rgh7 30. Kd3 Rh6 31. Rc2 a4 32. Re2 Kd7 33. Rf2 Kc6 34. Ng2 Nd7 35. Re2 axb3 36. axb3 Nf8 37. Rf4 Ng6 38. Rff2 Ra8 39. Ra2 Rhh8 40. Ne3 h4 41. Rxa8 Rxa8 42. gxh4 Nxh4 43. Nc2 Ng6 44. Nb4+ Kb7 45. Ke3 Rh8 46. Nxd5 Rh3+ 47. Kd2 exd5 48. Rxf5 Rxh2+ 49. Kc1 Rh7 50. Rf6 Ne7 51. Kb2 b4 52. cxb4 Nc6 53. Rd6 Nxb4 54. Kc3 Nc6 55. Rxd5 Rh3+ 56. Kc4 Kc7 57. b4 Rh1 58. Rd6 Rc1+ 59. Kb5 Na7+ 60. Ka4 Rc6 61. Rd5 Nc8 62. Kb3 Ne7 63. Ra5 Kb7 64. d5 Rc1 65. e6 fxe6 1/2-1/2

[Event "Lisbon-ch 13th"]
[Site "Lisbon"]
[Date "2003.07.21"]
[Round "9.5"]
[White "Simoes, Filipe"]
[Black "Nogueira, Nelson"]
[Result "1-0"]
[WhiteElo "2126"]
[BlackElo "2210"]
[PlyCount "87"]
[EventDate "2003.07.07"]
[EventType "tourn"]
[EventRounds "11"]
[EventCountry "POR"]
[SourceTitle "CBM 095 Extra"]
[Source "ChessBase"]
[SourceDate "2003.09.04"]
[SourceVersion "1"]
[SourceVersionDate "2003.09.04"]
[SourceQuality "1"]

1. d4 d6 2. c4 e5 3. Nf3 Nd7 4. Nc3 Ngf6 5. g3 Be7 6. Bg2 0-0 7. 0-0 c6 8. e4 Qc7 9. h3 Re8 10. Be3 a5 11. d5 cxd5 12. cxd5 Nc5 13. Rc1 b6 14. Re1 Ba6 15. Bf1 Bxf1 16. Rxf1 Qd7 17. Bxc5 bxc5 18. Kg2 Rab8 19. b3 g6 20. Nd2 Nh5 21. Nc4 Bd8 22. a4 Rf8 23. Nb5 Bc7 24. Qg4 Qd8 25. Ne3 Kh8 26. f4 exf4 27. gxf4 Qe7 28. Qf3 Rbe8 29. Nc4 Bb8 30. Rce1 f5 31. e5 dxe5 32. fxe5 Qg5+ 33. Kh2 f4 34. d6 Qg3+ 35. Qxg3 fxg3+ 36. Kg2 g5 37. e6 Nf4+ 38. Kxg3 Rxe6 39. Rxe6 Nxe6 40. Rxf8+ Nxf8 41. Kg4 h6 42. Ne5 Kg7 43. d7 Ne6 44. Nc6 1-0

[Event "POR-ch Apuramento"]
[Site "Portugal"]
[Date "2003.??.??"]
[Round "2"]
[White "Ferreira, Alberto Paulo de Me"]
[Black "Nogueira, Nelson"]
[Result "1/2-1/2"]
[WhiteElo "2095"]
[BlackElo "2210"]
[PlyCount "54"]
[EventDate "2003.??.??"]
[EventType "swiss"]
[EventRounds "9"]
[EventCountry "POR"]
[SourceTitle "EXT 2007"]
[Source "ChessBase"]
[SourceDate "2006.11.23"]
[SourceVersion "1"]
[SourceVersionDate "2006.11.23"]
[SourceQuality "1"]

1. d4 d6 2. c4 e5 3. e4 Nc6 4. Ne2 g6 5. Be3 Bg7 6. d5 Nb8 7. Qd2 f5 8. exf5 gxf5 9. f3 Nf6 10. Nbc3 0-0 11. 0-0-0 a6 12. Kb1 b5 13. cxb5 axb5 14. Nxb5 f4 15. Bf2 Bf5+ 16. Ka1 c6 17. dxc6 Nxc6 18. Nec3 d5 19. g4 fxg3 20. hxg3 d4 21. Bc4+ Kh8 22. g4 dxc3 23. Qxc3 Qa5 24. gxf5 Rfb8 25. Nd6 Qxc3 26. Nf7+ Kg8 27. Nh6+ Kh8 1/2-1/2

[Event "POR-ch Apuramento"]
[Site "Portugal"]
[Date "2003.??.??"]
[Round "6"]
[White "Guerreiro, Nuno M"]
[Black "Nogueira, Nelson"]
[Result "0-1"]
[WhiteElo "1885"]
[BlackElo "2210"]
[PlyCount "100"]
[EventDate "2003.??.??"]
[EventType "swiss"]
[EventRounds "9"]
[EventCountry "POR"]
[SourceTitle "EXT 2007"]
[Source "ChessBase"]
[SourceDate "2006.11.23"]
[SourceVersion "1"]
[SourceVersionDate "2006.11.23"]
[SourceQuality "1"]

1. d4 d6 2. Nf3 Nf6 3. g3 g6 4. Bg2 Bg7 5. 0-0 0-0 6. Nbd2 c6 7. e4 Bg4 8. a4 Qc7 9. Qe2 Nfd7 10. Qc4 a5 11. Ng5 Na6 12. c3 Nb6 13. Qd3 e5 14. h3 Bd7 15. dxe5 dxe5 16. Nb3 f6 17. Nf3 Be6 18. Nfd2 Rfd8 19. Qe2 c5 20. Nxa5 c4 21. b3 cxb3 22. Qb5 Nc5 23. Ndxb3 Nxb3 24. Nxb3 Bc4 25. Qc5 Qxc5 26. Nxc5 Bf8 27. Be3 Bxc5 28. Bxc5 Nxa4 29. Be7 Re8 30. Bxf6 Kf7 31. Bg5 Bxf1 32. Bxf1 Nxc3 33. Rc1 Rec8 34. Bd3 b5 35. Kg2 b4 36. Bc2 Kg7 37. Bb3 Nxe4 38. Be6 Rxc1 39. Bxc1 Nc3 40. Be3 Kf6 41. Bc4 Nd1 42. Bd2 Nc3 43. Be3 Rc8 44. Bb3 Nb5 45. h4 Rc6 46. Bg5+ Kg7 47. Bd5 b3 48. f4 h6 49. Be7 b2 50. fxe5 b1Q 0-1

[Event "POR-ch Apuramento"]
[Site "Portugal"]
[Date "2003.??.??"]
[Round "3"]
[White "Nogueira, Nelson"]
[Black "Azevedo, Sergio de Almeida E"]
[Result "1-0"]
[WhiteElo "2210"]
[BlackElo "1835"]
[PlyCount "39"]
[EventDate "2003.??.??"]
[EventType "swiss"]
[EventRounds "9"]
[EventCountry "POR"]
[SourceTitle "EXT 2007"]
[Source "ChessBase"]
[SourceDate "2006.11.23"]
[SourceVersion "1"]
[SourceVersionDate "2006.11.23"]
[SourceQuality "1"]

1. d4 d5 2. c4 e6 3. Nc3 Nf6 4. Bg5 Be7 5. Nf3 Nbd7 6. e3 c6 7. cxd5 exd5 8. Bd3 0-0 9. Qc2 h6 10. Bf4 Re8 11. 0-0 Nh5 12. Nxd5 Nxf4 13. Nxf4 Nf6 14. Qb3 Bd6 15. Bc4 Qc7 16. g3 Bg4 17. Nd2 g5 18. Ng2 Bh3 19. Qc2 Qd7 20. Qg6+ 1-0

[Event "Bobadela Mestres"]
[Site "Bobadela"]
[Date "2002.01.05"]
[Round "1"]
[White "Nogueira, Nelson"]
[Black "Fernando, Diogo"]
[Result "0-1"]
[WhiteElo "2273"]
[BlackElo "2360"]
[PlyCount "94"]
[EventDate "2002.01.05"]
[EventType "tourn"]
[EventRounds "9"]
[EventCountry "POR"]
[EventCategory "3"]
[SourceTitle "CBM 086 Extra"]
[Source "ChessBase"]
[SourceDate "2002.03.14"]
[SourceVersion "1"]
[SourceVersionDate "2002.03.14"]
[SourceQuality "1"]

1. e4 c5 2. Nf3 d6 3. d4 cxd4 4. Nxd4 Nf6 5. Nc3 Nc6 6. Bg5 e6 7. Qd2 Be7 8. 0-0-0 Nxd4 9. Qxd4 a6 10. f3 Qc7 11. g4 b5 12. Be2 Bb7 13. h4 Rc8 14. Rd2 0-0 15. Kb1 Rfd8 16. Rhd1 h6 17. Be3 d5 18. Qb6 Qxb6 19. Bxb6 Re8 20. g5 hxg5 21. hxg5 Nd7 22. Be3 Bb4 23. exd5 Bxc3 24. bxc3 Bxd5 25. Bd4 Nf8 26. f4 Ng6 27. Rf1 Bc4 28. Rf2 Bxe2 29. Rdxe2 Red8 30. f5 exf5 31. Rxf5 b4 32. Kb2 Rd7 33. Kb3 bxc3 34. Bxc3 Ne7 35. Rfe5 Rb7+ 36. Bb4 Nc6 37. Re8+ Rxe8 38. Rxe8+ Kh7 39. a3 a5 40. c3 axb4 41. cxb4 Kg6 42. Rc8 Nxb4 43. axb4 Kxg5 44. Kc4 f5 45. Kc5 f4 46. b5 f3 47. Kc6 Rf7 0-1

[Event "POR-ch"]
[Site "Lisbon"]
[Date "2002.??.??"]
[Round "8"]
[White "Nogueira, Nelson"]
[Black "Henriques, Sofia S"]
[Result "0-1"]
[WhiteElo "2273"]
[BlackElo "2061"]
[PlyCount "90"]
[EventDate "2002.??.??"]
[EventType "swiss"]
[EventRounds "9"]
[EventCountry "POR"]
[SourceTitle "EXT 2003"]
[Source "ChessBase"]
[SourceDate "2002.11.25"]
[SourceVersion "1"]
[SourceVersionDate "2002.11.25"]
[SourceQuality "1"]

1. d4 d5 2. c4 dxc4 3. e4 Nc6 4. Be3 e5 5. d5 Nce7 6. Nc3 a6 7. a4 Ng6 8. Bxc4 Bd6 9. Nf3 Nf6 10. h3 0-0 11. Qc2 Bd7 12. Be2 Qe7 13. 0-0 Nh5 14. Rfd1 Nhf4 15. Bf1 f5 16. Bd3 Nxd3 17. Qxd3 fxe4 18. Nxe4 Bxh3 19. Bg5 Qf7 20. Nxe5 Bxe5 21. Qxh3 Nf4 22. Bxf4 Qxf4 23. Re1 Rae8 24. Re2 Bxb2 25. Rae1 Bd4 26. Nf6+ Qxf6 27. Rxe8 Bxf2+ 28. Kh1 Bxe1 29. Rxe1 Qd6 30. Qh5 h6 31. Re8 Rxe8 32. Qxe8+ Kh7 33. Qf7 Qg3 34. Qf5+ Qg6 35. Qd7 Qh5+ 36. Kg1 Qd1+ 37. Kh2 Qc2 38. Kg3 Qd3+ 39. Kf4 Qd4+ 40. Kf5 Qf2+ 41. Ke5 Qe2+ 42. Kf4 Qxg2 43. Qf5+ Qg6 44. a5 Qxf5+ 45. Kxf5 h5 0-1

[Event "POR-ch"]
[Site "Lisbon"]
[Date "2002.??.??"]
[Round "6"]
[White "Nogueira, Nelson"]
[Black "Silva, Fernando"]
[Result "0-1"]
[WhiteElo "2273"]
[BlackElo "2316"]
[PlyCount "172"]
[EventDate "2002.??.??"]
[EventType "swiss"]
[EventRounds "9"]
[EventCountry "POR"]
[SourceTitle "EXT 2003"]
[Source "ChessBase"]
[SourceDate "2002.11.25"]
[SourceVersion "1"]
[SourceVersionDate "2002.11.25"]
[SourceQuality "1"]

1. d4 g6 2. c4 Bg7 3. Nc3 d6 4. e4 Nc6 5. Be3 e5 6. Nge2 Nh6 7. f3 f5 8. d5 Ne7 9. Qd2 Nf7 10. 0-0-0 0-0 11. Kb1 f4 12. Bf2 c5 13. dxc6 bxc6 14. c5 d5 15. exd5 cxd5 16. Nxd5 Bf5+ 17. Ka1 Nxd5 18. Qxd5 Qa5 19. Be1 Qc7 20. Nc3 Rad8 21. Qc4 Rxd1+ 22. Nxd1 Rd8 23. Be2 Bf8 24. Bf2 Rd2 25. Nc3 Qb8 26. Qb3 Qd8 27. Rd1 Bc2 28. Qxc2 Rxc2 29. Rxd8 Rc1+ 30. Nb1 Nxd8 31. b4 Rc2 32. Nc3 Rxc3 33. Kb2 Re3 34. Bc4+ Kg7 35. Bxe3 fxe3 36. Kc3 Nc6 37. a3 Nd4 38. Kd3 a5 39. Kxe3 axb4 40. axb4 Nc2+ 41. Ke4 Nxb4 42. Kxe5 Bxc5 43. f4 Bg1 44. h3 Bh2 45. Ke4 Kf6 46. g4 g5 47. f5 Nc6 48. Be2 Bg3 49. Bd1 Ne5 50. Be2 Nf7 51. Kd5 h5 52. Bd1 h4 53. Bf3 Be5 54. Bd1 Bb2 55. Bf3 Ne5 56. Be2 Ke7 57. Bf1 Nd7 58. Bg2 Nf6+ 59. Kc6 Ba3 60. Bf3 Nd7 61. Be2 Nc5 62. Kd5 Na4 63. Bf1 Bb2 64. Ke4 Kd6 65. Bc4 Nc5+ 66. Kf3 Ke5 67. Bb5 Nb3 68. Ba6 Bc1 69. Bd3 Nd4+ 70. Kg2 Kf4 71. Bc4 Nc2 72. Ba6 Be3 73. Bb7 Bd4 74. Bc6 Ke3 75. Bb7 Be5 76. Bc6 Ne1+ 77. Kf1 Nd3 78. Kg2 Bg3 79. Kh1 Nf4 80. f6 Nxh3 81. f7 Bd6 82. Kg2 Nf4+ 83. Kh1 Kf2 84. Be4 Kg3 85. Bf5 h3 86. Bd7 h2 0-1

[Event "Loures YM 9th"]
[Site "Loures"]
[Date "2001.12.05"]
[Round "9"]
[White "Nogueira, Nelson"]
[Black "Fernando, Diogo"]
[Result "0-1"]
[WhiteElo "2276"]
[BlackElo "2367"]
[PlyCount "144"]
[EventDate "2001.11.27"]
[EventType "tourn"]
[EventRounds "11"]
[EventCountry "POR"]
[EventCategory "2"]
[SourceTitle "CBM 085 Extra"]
[Source "ChessBase"]
[SourceDate "2002.01.21"]
[SourceVersion "1"]
[SourceVersionDate "2002.01.21"]
[SourceQuality "1"]

1. e4 c5 2. Nf3 d6 3. d4 cxd4 4. Nxd4 Nf6 5. Nc3 Nc6 6. Bg5 e6 7. Qd2 Be7 8. 0-0-0 Nxd4 9. Qxd4 a6 10. f4 b5 11. Bxf6 gxf6 12. Bd3 Qc7 13. Rhf1 Qc5 14. Be2 Bb7 15. a3 Rc8 16. f5 Qxd4 17. Rxd4 Rc5 18. g3 Re5 19. a4 Bc6 20. axb5 axb5 21. Rb4 0-0 22. Rxb5 Bxb5 23. Bxb5 Ra8 24. Bd3 d5 25. fxe6 fxe6 26. exd5 exd5 27. Rf4 Bc5 28. Rg4+ Kh8 29. b4 f5 30. Rh4 Be7 31. Rd4 Rd8 32. Kb2 Bg5 33. Nd1 Re1 34. Nc3 Bf6 35. Nb5 Rh1 36. Kb3 Bxd4 37. Nxd4 Rb1+ 38. Kc3 Rc8+ 39. Kd2 Rxb4 40. Nxf5 Rd8 41. Kc3 Ra4 42. Kb3 Ra7 43. Kc3 d4+ 44. Kd2 Ra1 45. Ke2 Kg8 46. Kf3 Kf7 47. Kf4 Kf6 48. g4 Re1 49. g5+ Kf7 50. Nh6+ Kg7 51. Nf5+ Kf8 52. h4 Rd7 53. Be4 Rg1 54. Ke5 Re1 55. h5 Rg1 56. Kf4 Rf7 57. Bd3 Ke8 58. Bc4 Rf8 59. Be2 Kd7 60. Bb5+ Kc7 61. Be2 Rg2 62. Bg4 Rxc2 63. g6 hxg6 64. hxg6 Rf2+ 65. Ke4 Re8+ 66. Kd3 Rf4 67. Nh6 Re3+ 68. Kc4 Rc3+ 69. Kd5 Rg3 70. Bf5 Rh4 71. Nf7 d3 72. Ne5 d2 0-1

[Event "Lisbon op"]
[Site "Lisbon"]
[Date "2001.08.29"]
[Round "9"]
[White "Estremera Panos, Sergio"]
[Black "Nogueira, Nelson"]
[Result "0-1"]
[WhiteElo "2401"]
[BlackElo "2213"]
[PlyCount "58"]
[EventDate "2001.08.21"]
[EventType "swiss"]
[EventRounds "9"]
[EventCountry "POR"]
[SourceTitle "EXT 2002"]
[Source "ChessBase"]
[SourceDate "2001.11.25"]
[SourceVersion "1"]
[SourceVersionDate "2001.11.25"]
[SourceQuality "1"]

1. d4 Nf6 2. c4 e6 3. Nc3 Bb4 4. e3 b6 5. Nge2 Bb7 6. a3 Bxc3+ 7. Nxc3 d5 8. cxd5 Nxd5 9. Bd3 0-0 10. 0-0 Nd7 11. e4 Nxc3 12. bxc3 c5 13. Qe2 e5 14. d5 f5 15. c4 f4 16. f3 Qf6 17. a4 a5 18. g3 g5 19. Qg2 Kh8 20. Bb2 Rf7 21. Qh3 Re8 22. Qg4 Qh6 23. gxf4 gxf4 24. Kh1 Nf6 25. Qg2 Nh5 26. h3 Rg7 27. Qf2 Ng3+ 28. Kh2 Bc8 29. Qg2 Nxf1+ 0-1